| 000 | 00868cam a2200301 4500 | ||
|---|---|---|---|
| 008 | 090401t1994 xxu||||| |||| 00| 0 eng d | ||
| 020 | _a0854066608 | ||
| 035 | _a(Sirsi) u60880 | ||
| 041 | _aeng | ||
| 050 | _a331.281333 | ||
| 090 | _aRICS 1994/56ABCDE | ||
| 110 |
_aRoyal Institution of Chartered Surveyors _94900 |
||
| 245 | 4 | _aThe RICS salary survey 1994. | |
| 260 |
_aLondon _bRICS _c1994 |
||
| 300 | _a148p. ; 30cm. | ||
| 350 | _a250 | ||
| 520 | _aSponsored by NBS, Property Week and RICS Business Services. | ||
| 650 | _aABOUT RICS-RICS MEMBERS | ||
| 650 | _aNB SELECTION LTD | ||
| 650 | _aPROPERTY WEEK | ||
| 650 | _aRICS BUSINESS SERVICES | ||
| 650 | _aRICS SALARY SURVEY 1994 | ||
| 650 | _aSALARIES | ||
| 650 | _aSALARY SURVEYS | ||
| 690 | _aMANAGEMENT-BUSINESS MANAGEMENT-PROFESSIONAL PRACTICE | ||
| 942 | _n0 | ||
| 948 | _c04/03/1997 | ||
| 999 |
_c94261 _d94261 |
||